La agricultura urbana: un fenómeno global /

Gespeichert in:
Bibliographische Detailangaben
1. Verfasser: Degenhart, Barbara
Format: Buch
Sprache:Spanish
Tags: Tag hinzufügen
Keine Tags, Fügen Sie den ersten Tag hinzu!

MARC

LEADER 00000nam a22000007a 4500
003 cru CIDCACS/IIS
005 20200925161324.0
007 ta
008 170324e2016 ag ||||| |||| 00| 0 spa d
040 |c CRAI/IIS  |a CRAI/IIS 
090 |a REV0712 (262) 2016 
100 1 |9 3931  |a Degenhart, Barbara 
245 1 |a La agricultura urbana:  |b un fenómeno global /  |c Barbara Degenhart 
300 |a páginas 133-145 
773 0 |0 19022  |9 513  |a Fundación Friedrich Ebert  |d Fundación Friedrich Ebert; Nueva Sociedad  |o R19032  |t Nueva Sociedad / 
942 |2 ddc  |c PP 
999 |c 19117  |d 19117